| 000 | 00798nam a22002177a 4500 | ||
|---|---|---|---|
| 999 |
_c20952 _d20952 |
||
| 003 | AR-CdUCM | ||
| 008 | 190403b ||||| |||| 00| 0 spa d | ||
| 040 |
_aMUNICIPALIDAD PROVINCIAL DEL CUSCO _cBIBLIOTECA MUNICIPAL DEL CUSCO |
||
| 082 |
_a330 / _bV23 |
||
| 100 |
_aVallarino, Juan Carlos _943714 |
||
| 245 | _aTratado de economía política / | ||
| 260 |
_aBuenos Aires : _bClaridad, _c1945. |
||
| 300 |
_a2 tomos ; _c24 cm. |
||
| 440 |
_aBiblioteca de Ciencias Económicas, Políticas y Sociales _n-1 _943715 |
||
| 505 | _aContenido: t.1 y 2 : Naturaleza de la economía -- Denominación, Primeros conceptos, definiciones, Ordenación... | ||
| 650 |
_aEconomía _9382 |
||
| 650 |
_aEconomía política _91408 |
||
| 650 |
_aTratado económico _943716 |
||
| 942 |
_2ddc _cLIBROS |
||
| 945 | _aAndy | ||